7 plus grandes villes de Bretagne en F - Statistiques

Statistiques générales
  • Ce quiz a été pris 39 fois
  • Le résultat moyen est 2 sur 7
Statistiques - réponses
Population Commune % Correct
20 307 35 Fougères
82%
10 436 29 Fouesnant
74%
1 611 22 Fréhel
15%
1 074 35 Feins
9%
3 499 56 Férel
9%
2 253 56 Forges de Lanouée
3%
268 35 Forges la Forêt
3%
Aucun quiz correspondant
Distribution des résultats
% des personnes avec chaque résultat
Percentile par nombre de réponses
Votre historique - résultats
Vous n’avez pas pris ce quiz